[Event "V Festival A"]
[Site "Vanzaghello ITA"]
[Date "2009.05.09"]
[Round "3"]
[White "Weiss, Nicolo'"]
[Black "Agustoni, Alessandro"]
[Result "1-0"]
[WhiteElo "1560"]
[BlackElo "1506"]
[PlyCount "47"]
[EventDate "2009.05.08"]

1. d4 e6 2. c4 f5 3. e3 Nf6 4. Nc3 d5 5. cxd5 exd5 6. Be2 c6 7. Nf3 Bd6 8. Qc2
O-O 9. Bd3 Ne4 10. Nd2 Na6 11. Bxa6 bxa6 12. Ncxe4 fxe4 13. Qxc6 Be6 14. Qxa6
Rc8 15. Nb3 Bb4+ 16. Bd2 Qf6 17. Qe2 Rc2 18. O-O Qh4 19. Qd1 Rxb2 20. g3 Qf6
21. Bxb4 Qxf2+ 22. Rxf2 Rfxf2 23. Bd2 Bh3 24. Kxf2 1-0

[Event "V Festival A"]
[Site "Vanzaghello ITA"]
[Date "2009.05.09"]
[Round "3"]
[White "Zulkipli, Zaidan"]
[Black "Faraoni, Enrico"]
[Result "1-0"]
[WhiteElo "1975"]
[BlackElo "2085"]
[PlyCount "81"]
[EventDate "2009.05.08"]

1. g3 g5 2. Bg2 Bg7 3. Nc3 Nc6 4. e4 d6 5. Nge2 e5 6. d3 h6 7. Be3 Nge7 8. Qd2
Nd4 9. f4 Bh3 10. O-O Bxg2 11. Kxg2 gxf4 12. gxf4 Qd7 13. f5 Bf6 14. Kh1 O-O-O
15. a4 d5 16. Bxd4 exd4 17. Nb5 a6 18. e5 Bg5 19. Qb4 Nc6 20. Qc5 axb5 21. axb5
Nb8 22. Ra8 Qe7 23. Qxd4 b6 24. e6 fxe6 25. f6 Qc5 26. Qa4 Rhf8 27. Nd4 Kd7 28.
Nxe6 Kxe6 29. Qg4+ Kf7 30. Qh5+ Ke6 31. Qg4+ Kf7 32. Raa1 d4 33. Rae1 Be3 34.
Qg7+ Ke6 35. c4 Rg8 36. Qh7 Nc6 37. f7 Qg5 38. fxg8=Q+ Rxg8 39. Qf7+ Kd6 40.
c5+ Ke5 41. Qxc7+ 1-0

[Event "V Festival A"]
[Site "Vanzaghello ITA"]
[Date "2009.05.09"]
[Round "4"]
[White "Agustoni, Alessandro"]
[Black "Christen, Peter Walter"]
[Result "1-0"]
[WhiteElo "1506"]
[BlackElo "1559"]
[PlyCount "98"]
[EventDate "2009.05.08"]

1. d4 e6 2. Nf3 d5 3. c4 Nf6 4. g3 Bb4+ 5. Bd2 Bxd2+ 6. Nbxd2 O-O 7. Bg2 Bd7 8.
O-O dxc4 9. Nxc4 Bc6 10. Nce5 Be4 11. Re1 Nbd7 12. Rc1 c6 13. Nc4 Nb6 14. b3
Qe7 15. e3 Rfd8 16. Ncd2 Rd6 17. Nxe4 Nxe4 18. Qe2 Rad8 19. Ne5 Nf6 20. Qb2
Nfd7 21. Nc4 Nxc4 22. bxc4 Nf6 23. Rb1 R6d7 24. Qb4 Qxb4 25. Rxb4 Rc7 26. Reb1
Rdd7 27. Ra4 a6 28. Rxa6 Kf8 29. Rab6 Ne8 30. c5 Nf6 31. Kf1 Nd5 32. Bxd5 exd5
33. a4 h5 34. a5 f5 35. a6 bxa6 36. Rxa6 Re7 37. Rbb6 Re6 38. Ke2 g5 39. Kd3 g4
40. Rb8+ Kg7 41. Rab6 Ree7 42. Kc3 Rf7 43. Rb2 Rf6 44. R8b7 Rff7 45. Rxc7 Rxc7
46. Rb6 Kf6 47. Kb4 Ke6 48. Ka5 Ra7+ 49. Ra6 Rb7 1-0

[Event "V Festival A"]
[Site "Vanzaghello ITA"]
[Date "2009.05.09"]
[Round "4"]
[White "Bencivenga, Antonio"]
[Black "Ragoso, Mario"]
[Result "0-1"]
[WhiteElo "1371"]
[BlackElo "1792"]
[PlyCount "90"]
[EventDate "2009.05.08"]

1. d4 d5 2. e4 dxe4 3. Nc3 Nf6 4. Bc4 Bg4 5. f3 exf3 6. Nxf3 e6 7. O-O Be7 8.
Qe1 Bxf3 9. Be3 Bh5 10. Ne2 O-O 11. c3 Bd6 12. Bg5 Be7 13. Qh4 Bg6 14. Rf2 Nc6
15. Raf1 Ne4 16. Bxe7 Qxe7 17. Qxe7 Nxe7 18. Rf4 Nd2 19. Bb3 Nxf1 20. Rxf1 Bd3
21. Rf2 Rac8 22. Nf4 Ba6 23. Nxe6 fxe6 24. Bxe6+ Kh8 25. Bxc8 Rxf2 26. Kxf2
Nxc8 27. Ke3 Nd6 28. Kf4 Kg8 29. b3 Kf7 30. g4 Bd3 31. h4 h6 32. c4 a5 33. c5
Nb5 34. Ke5 Na3 35. d5 Ke7 36. Kd4 Bb1 37. Kc3 Be4 38. Kb2 Nb5 39. a3 Nd4 40.
Kc3 Nf3 41. b4 axb4+ 42. Kxb4 Bxd5 43. h5 Ne5 44. a4 Nxg4 45. a5 Nf6 0-1

[Event "V Festival A"]
[Site "Vanzaghello ITA"]
[Date "2009.05.09"]
[Round "4"]
[White "Caccianiga, Andrea"]
[Black "Poletto, Daniele"]
[Result "1/2-1/2"]
[WhiteElo "1511"]
[BlackElo "1796"]
[PlyCount "48"]
[EventDate "2009.05.08"]

1. e4 c5 2. Nf3 e6 3. d4 cxd4 4. Nxd4 a6 5. a4 Nf6 6. Bd3 Nc6 7. c3 e5 8. Nf5
d5 9. exd5 Qxd5 10. Ne3 Qd8 11. f3 Be6 12. Qe2 Qc7 13. Nd2 Bc5 14. Ne4 Nxe4 15.
Bxe4 Rd8 16. b4 Be7 17. O-O O-O 18. Qc2 g6 19. Qf2 f5 20. Bb1 Bf6 21. Ba2 Qf7
22. Bxe6 Qxe6 23. Qa2 Qxa2 24. Rxa2 Rd3 1/2-1/2

[Event "V Festival A"]
[Site "Vanzaghello ITA"]
[Date "2009.05.09"]
[Round "4"]
[White "Coqueraut, Jean Dominique"]
[Black "Zulkipli, Zaidan"]
[Result "0-1"]
[WhiteElo "1832"]
[BlackElo "1975"]
[PlyCount "82"]
[EventDate "2009.05.08"]

1. d4 d6 2. c4 e5 3. dxe5 dxe5 4. Qxd8+ Kxd8 5. e4 c6 6. Nc3 Be6 7. Bd3 Ne7 8.
Be3 Nd7 9. Nge2 f6 10. O-O g5 11. Ng3 h5 12. Nf5 Ng6 13. Rad1 Kc7 14. g3 h4 15.
Rd2 Bc5 16. Bxc5 Nxc5 17. Be2 Rad8 18. Rfd1 Rxd2 19. Rxd2 a5 20. b3 Rf8 21. Kg2
hxg3 22. fxg3 Nxe4 23. Ng7 Bh3+ 24. Kxh3 Nxd2 25. Ne6+ Kd6 26. Nxf8 Nxf8 27.
Kg2 Kc5 28. Kf2 Kd4 29. Nd1 Ne4+ 30. Kf3 f5 31. h3 Nd2+ 32. Kf2 f4 33. gxf4
exf4 34. Bg4 Ng6 35. Bf5 Ne5 36. Nb2 b5 37. cxb5 cxb5 38. Ke2 Ne4 39. Bc8 Nc3+
40. Kd2 Nxa2 41. Nd1 b4 0-1

[Event "V Festival A"]
[Site "Vanzaghello ITA"]
[Date "2009.05.09"]
[Round "4"]
[White "Della Rocca, Giorgio"]
[Black "Novi', Giuseppe"]
[Result "1-0"]
[WhiteElo "1893"]
[BlackElo "1825"]
[PlyCount "35"]
[EventDate "2009.05.08"]

1. c4 e6 2. Nc3 b6 3. e4 Bb7 4. d4 Bb4 5. Bd3 Nf6 6. Qe2 O-O 7. Nf3 Bxc3+ 8.
bxc3 d5 9. cxd5 exd5 10. e5 Ne4 11. Bxe4 dxe4 12. Ng5 Qd5 13. Be3 Nc6 14. c4
Qa5+ 15. Bd2 Qa4 16. Qxe4 f5 17. exf6 Rae8 18. f7+ 1-0

[Event "V Festival A"]
[Site "Vanzaghello ITA"]
[Date "2009.05.09"]
[Round "4"]
[White "Faraoni, Enrico"]
[Black "Marchesotti, Giovanni"]
[Result "1-0"]
[WhiteElo "2085"]
[BlackElo "1648"]
[PlyCount "25"]
[EventDate "2009.05.08"]

1. g4 e5 2. Bg2 Bc5 3. Nc3 d6 4. d3 g5 5. Nf3 Nc6 6. Nxg5 Bxg4 7. Rg1 Bd7 8.
Bd5 Nh6 9. Nce4 f6 10. e3 fxg5 11. Qh5+ Ke7 12. Qxg5+ Ke8 13. Qh5+ 1-0

[Event "V Festival A"]
[Site "Vanzaghello ITA"]
[Date "2009.05.09"]
[Round "4"]
[White "Fragni, Enrico"]
[Black "Guzzetti, Luigi Enrico"]
[Result "0-1"]
[WhiteElo "1751"]
[BlackElo "1891"]
[PlyCount "102"]
[EventDate "2009.05.08"]

1. c3 Nf6 2. d3 g6 3. Bg5 Bg7 4. e4 d6 5. Be2 c5 6. Nd2 Nc6 7. Ngf3 a6 8. a4
O-O 9. O-O h6 10. Bh4 Bg4 11. h3 Bxf3 12. Nxf3 b5 13. axb5 axb5 14. Qd2 Kh7 15.
Bxf6 Bxf6 16. d4 Qb6 17. d5 Na5 18. Ra3 Nc4 19. Bxc4 Rxa3 20. bxa3 bxc4 21. Qe1
Qb3 22. e5 dxe5 23. Nxe5 Ra8 24. Nxf7 Qxc3 25. Qe6 Rxa3 26. Nd8 Ra1 27. Qf7+
Bg7 28. Rxa1 Qxa1+ 29. Kh2 Qf6 30. Qxf6 Bxf6 31. Ne6 c3 32. Nxc5 c2 33. Nd3 Bg5
34. Kg3 c1=Q 35. Nxc1 Bxc1 36. Kf3 Kg7 37. Ke4 Kf6 38. f4 Bb2 39. g4 Bc3 40.
Kd3 Be1 41. Ke2 Bb4 42. Ke3 h5 43. Kd4 hxg4 44. hxg4 Bd6 45. Ke3 g5 46. fxg5+
Kxg5 47. Ke4 Kxg4 48. Ke3 Kf5 49. Kd4 Kf4 50. Kd3 Ke5 51. Kc4 Ke4 0-1

[Event "V Festival A"]
[Site "Vanzaghello ITA"]
[Date "2009.05.09"]
[Round "4"]
[White "Melino, Gianluca"]
[Black "Messina, Gianmaria"]
[Result "1-0"]
[WhiteElo "1804"]
[BlackElo "1666"]
[PlyCount "77"]
[EventDate "2009.05.08"]

1. d4 f5 2. Bg5 h6 3. Bf4 e6 4. e4 g6 5. exf5 exf5 6. Qe2+ Be7 7. Be5 Rh7 8.
Qc4 d5 9. Qb3 Bh4 10. Nf3 c6 11. Nbd2 Bf6 12. O-O-O b6 13. Re1 Kf8 14. Bxf6
Qxf6 15. Ne5 Be6 16. Qg3 g5 17. f4 Rg7 18. Qa3+ Qe7 19. Qc3 Qd6 20. fxg5 hxg5
21. h4 g4 22. Qe3 Bd7 23. Qf4 Qf6 24. Bd3 Ne7 25. g3 Be6 26. Rhf1 Nd7 27. Nxc6
Nxc6 28. Qd6+ Kf7 29. Qxc6 Re8 30. c3 Kg8 31. Rxf5 Qh6 32. Rfe5 Rge7 33. Rg5+
Kh8 34. Qd6 Nf8 35. Qe5+ Rg7 36. Rh5 Qxh5 37. Qxh5+ Rh7 38. Qxe8 Bf7 39. Qb8
1-0

[Event "V Festival A"]
[Site "Vanzaghello ITA"]
[Date "2009.05.09"]
[Round "4"]
[White "Palminteri, Vincenzo"]
[Black "Weiss, Nicolo'"]
[Result "0-1"]
[WhiteElo "1859"]
[BlackElo "1560"]
[PlyCount "160"]
[EventDate "2009.05.08"]

1. e4 c6 2. d4 d5 3. exd5 cxd5 4. c4 Nf6 5. Nc3 e6 6. c5 Bd7 7. b4 a6 8. Nf3
Be7 9. Ne5 Nc6 10. Nxc6 Bxc6 11. Qb3 O-O 12. Bd3 Re8 13. O-O b6 14. b5 axb5 15.
Bxb5 Bxb5 16. Qxb5 bxc5 17. dxc5 Qc7 18. g3 Reb8 19. Qe2 Bxc5 20. Bf4 Bd6 21.
Nb5 Rxb5 22. Bxd6 Qb6 23. Be5 Nd7 24. Bf4 Rb2 25. Qg4 Nf8 26. Be5 Ng6 27. Bxb2
Qxb2 28. Rfb1 Qc2 29. a4 h6 30. a5 Kh7 31. a6 Rxa6 32. h4 Rxa1 33. Rxa1 d4 34.
Qxd4 Qe2 35. Rd1 Ne5 36. Kh1 Ng4 37. Kg1 Nxf2 38. Qxf2 Qxd1+ 39. Kh2 Qd7 40.
Qc2+ f5 41. h5 Qf7 42. g4 g6 43. hxg6+ Kxg6 44. Qg2 f4 45. Qe4+ Kg7 46. Qe5+
Qf6 47. Qc7+ Kg8 48. Qb8+ Qf8 49. Qe5 Qf7 50. Qb8+ Kh7 51. Qb1+ Kg7 52. Qb2+
Kg6 53. Qe5 Qf6 54. Qe4+ Kg5 55. Kh3 Qc3+ 56. Kh2 Qg3+ 57. Kh1 Qxg4 58. Qe5+
Qf5 59. Qg7+ Kh5 60. Qg2 e5 61. Qh2+ Kg6 62. Qg2+ Kf6 63. Qc6+ Qe6 64. Qf3 Qb6
65. Qd3 Qc6+ 66. Kh2 e4 67. Qd8+ Ke5 68. Qh8+ Kd5 69. Qg8+ Kd4 70. Qd8+ Ke3 71.
Qd1 f3 72. Qe1+ Kf4 73. Qg3+ Kf5 74. Qh3+ Ke5 75. Qg3+ Kd4 76. Qf2+ e3 77. Qb2+
Kd3 78. Qb3+ Qc3 79. Qd1+ Qd2+ 80. Qxd2+ Kxd2 0-1

[Event "V Festival A"]
[Site "Vanzaghello ITA"]
[Date "2009.05.09"]
[Round "4"]
[White "Raselli, Claudio"]
[Black "Ranfagni, Stefano"]
[Result "1-0"]
[WhiteElo "1970"]
[BlackElo "2052"]
[PlyCount "129"]
[EventDate "2009.05.08"]

1. d4 e6 2. Nf3 f5 3. g3 Nf6 4. Bg2 Be7 5. c4 O-O 6. O-O d5 7. Qc2 c6 8. Bg5
Ne4 9. Bxe7 Qxe7 10. Nbd2 Nd7 11. e3 b6 12. cxd5 cxd5 13. Qa4 g5 14. Nxe4 fxe4
15. Ne5 Nxe5 16. dxe5 Qg7 17. Qc6 Bd7 18. Qd6 Rad8 19. Qc7 Bb5 20. Qxg7+ Kxg7
21. Rfc1 Rc8 22. g4 Be2 23. h3 h5 24. Bf1 Bf3 25. gxh5 Bxh5 26. Ba6 Rce8 27.
Rc7+ Rf7 28. Rac1 Ree7 29. Rxe7 Rxe7 30. Kf1 Kg6 31. Be2 Bxe2+ 32. Kxe2 Kf5 33.
Rc8 Rg7 34. a4 Kxe5 35. b4 Kf6 36. a5 bxa5 37. bxa5 Rb7 38. Ra8 e5 39. a6 Rd7
40. Rf8+ Rf7 41. Rb8 Rd7 42. Rb7 Ke6 43. f3 exf3+ 44. Kxf3 Kd6 45. Kg4 Rxb7 46.
axb7 Kc7 47. Kxg5 a5 48. h4 a4 49. h5 a3 50. h6 a2 51. h7 a1=Q 52. b8=Q+ Kxb8
53. h8=Q+ Kc7 54. Qg7+ Kc6 55. Qf6+ Kc5 56. Kf5 Qb1+ 57. Ke6 Qe4 58. Qxe5 Kc4
59. Qxe4+ dxe4 60. Ke5 Kc5 61. Kxe4 Kc4 62. Ke5 Kc5 63. Ke6 Kc6 64. e4 Kc7 65.
Ke7 1-0

[Event "V Festival A"]
[Site "Vanzaghello ITA"]
[Date "2009.05.09"]
[Round "4"]
[White "Ronconi, Fausto"]
[Black "Cervini, Gian Piero"]
[Result "1/2-1/2"]
[WhiteElo "1788"]
[BlackElo "1792"]
[PlyCount "103"]
[EventDate "2009.05.08"]

1. d4 Nf6 2. c4 g6 3. Nc3 Bg7 4. Nf3 d6 5. g3 O-O 6. Bg2 Bg4 7. h3 Bxf3 8. Bxf3
c6 9. O-O Nbd7 10. Bf4 e5 11. dxe5 dxe5 12. Bg5 h6 13. Be3 Nh7 14. Qd2 g5 15.
Rad1 Nb6 16. Qc2 Qc8 17. Bg4 f5 18. Bxb6 fxg4 19. Bc5 Rf7 20. hxg4 Qxg4 21. Ne4
b6 22. Bd6 Qf5 23. Rd2 Nf6 24. Nxf6+ Qxf6 25. Bb4 Re8 26. Bc3 Qe6 27. Qe4 Ref8
28. Rd3 g4 29. f4 gxf3 30. Rdxf3 Rxf3 31. Rxf3 Rxf3 32. exf3 Qd6 33. Kg2 b5 34.
cxb5 cxb5 35. Qa8+ Kh7 36. Qxa7 b4 37. Be1 Kg6 38. Qb7 Bf8 39. Qe4+ Kf7 40. Qe3
Kg6 41. Qe4+ Kg7 42. Bf2 Kg8 43. Be3 Bg7 44. Qc4+ Kh7 45. Kh3 Bf8 46. Qf7+ Kh8
47. f4 Bg7 48. f5 Qd1 49. Qe8+ Kh7 50. Qg6+ Kh8 51. Qc6 Qh5+ 52. Kg2 1/2-1/2

[Event "V Festival A"]
[Site "Vanzaghello ITA"]
[Date "2009.05.09"]
[Round "4"]
[White "Rota, Simone"]
[Black "Rossi, Giampiero"]
[Result "1-0"]
[WhiteElo "1997"]
[BlackElo "1915"]
[PlyCount "57"]
[EventDate "2009.05.08"]

1. d4 d5 2. c4 e6 3. Nf3 c6 4. e3 Nf6 5. Nc3 Be7 6. Qc2 O-O 7. Be2 Nbd7 8. O-O
b6 9. b3 Bb7 10. Ne5 Rc8 11. f4 Qc7 12. g4 Nxe5 13. dxe5 Nd7 14. Bd3 g6 15. Qf2
dxc4 16. Bxc4 c5 17. Qg3 Rfd8 18. a4 a6 19. g5 Bf8 20. h4 Bg7 21. Qh3 Nf8 22.
Ra2 Rd7 23. Rh2 Rcd8 24. h5 Rd3 25. Bxd3 Rxd3 26. Rc2 Bxe5 27. fxe5 Qxe5 28.
Ne2 Qg3+ 29. Qxg3 1-0

[Event "V Festival A"]
[Site "Vanzaghello ITA"]
[Date "2009.05.09"]
[Round "4"]
[White "Schingaro, Angelo"]
[Black "Carbone, Lorenzo"]
[Result "1/2-1/2"]
[WhiteElo "1702"]
[BlackElo "1833"]
[PlyCount "49"]
[EventDate "2009.05.08"]

1. e4 c5 2. Nf3 d6 3. d4 cxd4 4. Nxd4 Nf6 5. Nc3 a6 6. Be3 e6 7. Qd2 Be7 8. f3
Qc7 9. Bd3 Nbd7 10. a4 Ne5 11. O-O Nxd3 12. Qxd3 O-O 13. a5 Bd7 14. Rfd1 Rac8
15. Nb3 d5 16. Bb6 Qe5 17. exd5 Nxd5 18. Nxd5 exd5 19. Qxd5 Qxd5 20. Rxd5 Be6
21. Rd2 Bf6 22. Nd4 Bxd4+ 23. Bxd4 Rfd8 24. c3 Bc4 25. Re1 1/2-1/2

[Event "V Festival A"]
[Site "Vanzaghello ITA"]
[Date "2009.05.09"]
[Round "4"]
[White "Testa, Loris"]
[Black "Cardani, Roberto"]
[Result "1-0"]
[WhiteElo "1792"]
[BlackElo "1953"]
[PlyCount "80"]
[EventDate "2009.05.08"]

1. e4 c5 2. Nf3 d6 3. d4 cxd4 4. Nxd4 Nf6 5. Nc3 a6 6. Bg5 e6 7. f4 Qb6 8. Qd2
Qxb2 9. Nb3 Qa3 10. Be2 Nbd7 11. O-O Be7 12. Bf3 Qb4 13. Rab1 Qb6+ 14. Kh1 Qc7
15. Ne2 O-O 16. g4 Rb8 17. Ng3 b6 18. f5 Ne5 19. Bxf6 Nxf3 20. Rxf3 Bxf6 21. g5
Be5 22. f6 Bb7 23. Re1 Rfc8 24. Qf2 Qxc2 25. Re2 Bxg3 26. hxg3 Qc4 27. Nd2 Qxa2
28. fxg7 Qa1+ 29. Nf1 Qxg7 30. Nh2 Qxg5 31. Rf4 f5 32. Nf3 Qh6+ 33. Rh4 Qg6 34.
exf5 Qxf5 35. Rf4 Qh3+ 36. Kg1 Rc1+ 37. Re1 Rbc8 38. Rh4 Qf5 39. Rf4 Qh5 40.
Nh4 Qd5 1-0

[Event "V Festival A"]
[Site "Vanzaghello ITA"]
[Date "2009.05.10"]
[Round "5"]
[White "Agustoni, Alessandro"]
[Black "Bencivenga, Antonio"]
[Result "1-0"]
[WhiteElo "1506"]
[BlackElo "1371"]
[PlyCount "116"]
[EventDate "2009.05.08"]

1. d4 d6 2. c4 Nf6 3. Nf3 g6 4. g3 Bg7 5. Bg2 Nbd7 6. O-O O-O 7. Nc3 Rb8 8. e4
b6 9. h3 Bb7 10. Nh2 e5 11. d5 Rc8 12. Be3 c5 13. Nb5 Ba6 14. Nxd6 Rb8 15. Nb5
Bxb5 16. cxb5 Rc8 17. a4 Nb8 18. Qd2 Ne8 19. Bh6 Nd6 20. Bxg7 Kxg7 21. Ng4 f6
22. Qh6+ Kh8 23. h4 Nf7 24. Qd2 Qd7 25. Nxf6 Qe7 26. Ng4 Rg8 27. Qc3 h5 28. Ne3
Kh7 29. Nc4 Rcd8 30. a5 Nd6 31. Qxe5 Qxe5 32. Nxe5 Nxb5 33. axb6 axb6 34. Nc4
Nd7 35. Rfe1 Nd4 36. Ra6 b5 37. Na3 b4 38. Nc4 Rge8 39. e5 Nc2 40. Re4 b3 41.
Ra7 Kh6 42. f4 Nb4 43. d6 Nc6 44. Ra1 Re6 45. Bh3 Ree8 46. Bxd7 Rxd7 47. Rae1
Re6 48. Nb6 Rb7 49. Nd5 Nd4 50. Kf2 Kg7 51. Nf6 Nc6 52. Rc1 Nb4 53. Rc3 Na6 54.
Rec4 Rxd6 55. Ne8+ Kf8 56. Nxd6 Rb8 57. Ne4 Ke7 58. Nxc5 Nb4 1-0

[Event "V Festival A"]
[Site "Vanzaghello ITA"]
[Date "2009.05.10"]
[Round "5"]
[White "Carbone, Lorenzo"]
[Black "Ragoso, Mario"]
[Result "1-0"]
[WhiteElo "1833"]
[BlackElo "1792"]
[PlyCount "41"]
[EventDate "2009.05.08"]

1. e4 e5 2. Nf3 Nc6 3. Bb5 a6 4. Ba4 Nf6 5. O-O b5 6. Bb3 Bc5 7. c3 Ba7 8. Re1
O-O 9. d4 exd4 10. cxd4 Re8 11. Ng5 d5 12. e5 Ng4 13. h3 Nh6 14. Qc2 Bf5 15.
Qxc6 Bxd4 16. Nf3 Bb6 17. Bxh6 gxh6 18. Qxd5 Qe7 19. Nc3 Rad8 20. Qc6 Kh8 21.
Qxh6 1-0

[Event "V Festival A"]
[Site "Vanzaghello ITA"]
[Date "2009.05.10"]
[Round "5"]
[White "Cervini, Gian Piero"]
[Black "Caccianiga, Andrea"]
[Result "1-0"]
[WhiteElo "1792"]
[BlackElo "1511"]
[PlyCount "67"]
[EventDate "2009.05.08"]

1. e4 e5 2. Nf3 Nc6 3. d4 exd4 4. Bc4 h6 5. Nxd4 Bc5 6. Bxf7+ Kxf7 7. Qh5+ Kf8
8. Qxc5+ Qe7 9. Qxe7+ Ngxe7 10. Be3 d6 11. Nb5 Nb4 12. Nxc7 Nxc2+ 13. Kd2 Nxe3
14. Nxa8 Nxg2 15. Nc7 Kf7 16. Nc3 a6 17. Rac1 Nf4 18. N7d5 Nfxd5 19. Nxd5 Be6
20. Nxe7 Kxe7 21. Rc7+ Kf6 22. Rxb7 Bxa2 23. b3 Ke5 24. Ke3 Rc8 25. f4+ Kf6 26.
Kd3 g5 27. fxg5+ Kxg5 28. Ra1 Bxb3 29. Rxb3 Rf8 30. Rg1+ Kh4 31. Kd4 Rf2 32. h3
Rc2 33. Rg4+ Kh5 34. Rf3 1-0

[Event "V Festival A"]
[Site "Vanzaghello ITA"]
[Date "2009.05.10"]
[Round "5"]
[White "Guzzetti, Luigi Enrico"]
[Black "Della Rocca, Giorgio"]
[Result "0-1"]
[WhiteElo "1891"]
[BlackElo "1893"]
[PlyCount "70"]
[EventDate "2009.05.08"]

1. e4 d6 2. d4 g6 3. Bd3 Bg7 4. c3 c6 5. f4 e5 6. Nf3 Bg4 7. dxe5 dxe5 8. h3
Bxf3 9. Qxf3 Nd7 10. O-O Ne7 11. Na3 O-O 12. f5 Kh8 13. Be3 gxf5 14. exf5 Nd5
15. Bf2 Nf4 16. Bc2 Bh6 17. Rad1 Rg8 18. g4 Bg5 19. Kh2 Nd5 20. c4 N5f6 21. Kh1
Qf8 22. Rg1 Qh6 23. Nb1 e4 24. Qg3 e3 25. Be1 e2 26. Rd3 Nc5 27. Rf3 Rae8 28.
Nc3 Be3 29. Rg2 Rxg4 30. Qxg4 Nxg4 31. Rxg4 Bd2 32. Rg1 Bxe1 33. Rxe1 Qd2 34.
Nxe2 Qxe1+ 35. Ng1 Rg8 0-1

[Event "V Festival A"]
[Site "Vanzaghello ITA"]
[Date "2009.05.10"]
[Round "5"]
[White "Marchesotti, Giovanni"]
[Black "Megassini, Stefano"]
[Result "0-1"]
[WhiteElo "1648"]
[BlackElo "1611"]
[PlyCount "120"]
[EventDate "2009.05.08"]

1. c4 Nf6 2. Nc3 e6 3. e4 Nc6 4. d4 Bb4 5. f3 d6 6. a3 Bxc3+ 7. bxc3 O-O 8. Be3
e5 9. Bd3 Re8 10. Ne2 b6 11. O-O Bb7 12. Qc2 Na5 13. dxe5 Rxe5 14. Bd4 Re8 15.
Nf4 c6 16. Rad1 Ba6 17. Qa2 Qe7 18. c5 Bxd3 19. cxd6 Qxd6 20. Nxd3 Qe7 21. Nf4
c5 22. Bxf6 Qxf6 23. Nd5 Qe6 24. c4 Rac8 25. Rf2 Nc6 26. Rfd2 Nd4 27. Nf4 Qf6
28. Nd5 Qg5 29. Rf1 Rc6 30. Rd3 Rh6 31. Qd2 Qe5 32. h3 Qg3 33. Qf2 Rxh3 34.
Qxg3 Rxg3 35. Kf2 Rg6 36. Nf4 Rd6 37. Nd5 Ree6 38. Rh1 Rh6 39. Rxh6 Rxh6 40.
Ne3 Rh1 41. Nf1 Kf8 42. a4 Ke7 43. Ra3 Nc6 44. Rd3 Ne5 45. Rc3 Kd7 46. Rc2 Kc7
47. Rc3 Kb7 48. f4 Nc6 49. Rd3 Nd4 50. Ra3 Ka6 51. a5 b5 52. cxb5+ Kxb5 53. Rd3
Kxa5 54. Ra3+ Kb6 55. Ne3 a5 56. Nc4+ Kb5 57. Nd6+ Kb4 58. Rd3 a4 59. e5 a3 60.
Nc4 a2 0-1

[Event "V Festival A"]
[Site "Vanzaghello ITA"]
[Date "2009.05.10"]
[Round "5"]
[White "Messina, Gianmaria"]
[Black "Ronconi, Fausto"]
[Result "0-1"]
[WhiteElo "1666"]
[BlackElo "1788"]
[PlyCount "92"]
[EventDate "2009.05.08"]

1. e4 e6 2. d3 d5 3. Nd2 c5 4. g3 Nc6 5. Bg2 Nf6 6. Ngf3 Be7 7. O-O O-O 8. e5
Nd7 9. Re1 Qc7 10. Qe2 f6 11. exf6 Nxf6 12. Bh3 e5 13. Bxc8 Qxc8 14. Nxe5 Nd4
15. Qd1 Bd6 16. Ndf3 Bxe5 17. Nxe5 Nd7 18. Kg2 Nxe5 19. Rxe5 Qc6 20. c3 Nf3 21.
Re3 d4 22. Rxf3 Rf6 23. Bf4 Raf8 24. Qd2 g5 25. h3 gxf4 26. g4 Qd5 27. c4 Qg5
28. Kf1 h5 29. Re1 Rg6 30. Re4 hxg4 31. hxg4 Qxg4 32. Rfxf4 Qh3+ 33. Ke2 Qh5+
34. Kf1 Rxf4 35. Rxf4 Qg5 36. Ke2 Qh5+ 37. Kf1 Qh1+ 38. Ke2 Re6+ 39. Re4 Rxe4+
40. dxe4 Qxe4+ 41. Kf1 Kf7 42. b3 Kg6 43. Qa5 d3 44. Kg1 Qg4+ 45. Kh2 Qf4+ 46.
Kg2 d2 0-1

[Event "V Festival A"]
[Site "Vanzaghello ITA"]
[Date "2009.05.10"]
[Round "5"]
[White "Novi', Giuseppe"]
[Black "Weiss, Nicolo'"]
[Result "1-0"]
[WhiteElo "1825"]
[BlackElo "1560"]
[PlyCount "55"]
[EventDate "2009.05.08"]

1. e4 c6 2. d4 d5 3. exd5 cxd5 4. Bd3 Nc6 5. c3 Nf6 6. Bf4 e6 7. Nf3 Bd6 8. Qc1
O-O 9. O-O Re8 10. Re1 Qc7 11. Bxd6 Qxd6 12. Qg5 h6 13. Qh4 Ne7 14. Ne5 Nf5 15.
Bxf5 exf5 16. Nd2 Qb6 17. Rab1 Nh7 18. Qh5 Be6 19. Re3 f4 20. Ree1 Nf6 21. Qh4
Bf5 22. Ra1 Qxb2 23. Qxf4 Qxc3 24. Rec1 Qa5 25. Nb3 Qb6 26. Qxf5 Re6 27. Nc5
Rd6 28. Rab1 1-0

[Event "V Festival A"]
[Site "Vanzaghello ITA"]
[Date "2009.05.10"]
[Round "5"]
[White "Quagliarella, Sabino Remo"]
[Black "Coqueraut, Jean Dominique"]
[Result "0-1"]
[WhiteElo "1911"]
[BlackElo "1832"]
[PlyCount "112"]
[EventDate "2009.05.08"]

1. d4 d5 2. Nf3 Nf6 3. Bf4 e6 4. e3 c5 5. c3 Nc6 6. Be2 Bd7 7. Nbd2 cxd4 8.
exd4 Be7 9. Ne5 O-O 10. g4 Ne4 11. Nxe4 dxe4 12. Qc2 f5 13. gxf5 exf5 14. Qb3+
Kh8 15. Nf7+ Rxf7 16. Qxf7 Bf6 17. Rg1 Qe7 18. Qxe7 Nxe7 19. Bc4 Rc8 20. Bb3 h6
21. O-O-O g5 22. Be5 Kg7 23. Bxf6+ Kxf6 24. d5 Ng6 25. Rd4 Nf4 26. Kd2 Ke5 27.
f3 exf3 28. Re1+ Kf6 29. Rf1 Ne2 30. Rb4 g4 31. Rxb7 Be8 32. Rxa7 f4 33. Bd1
Bb5 34. Rf2 Rd8 35. Bb3 Bd7 36. Ra6+ Kg5 37. Rd6 g3 38. hxg3 fxg3 39. Rxe2 fxe2
40. Bc2 Re8 41. Ke1 Bg4 42. Rg6+ Kh5 43. Bf5 Bxf5 44. Rxg3 Bg4 45. Rg2 Kg5 46.
c4 Re4 47. b3 h5 48. a4 Re3 49. d6 Rxb3 50. Rxe2 Bxe2 51. Kxe2 Kf6 52. Kd2 Ke6
53. c5 Kd7 54. Kc2 Ra3 55. Kb2 Rxa4 56. Kb3 Rg4 0-1

[Event "V Festival A"]
[Site "Vanzaghello ITA"]
[Date "2009.05.10"]
[Round "5"]
[White "Ranfagni, Stefano"]
[Black "Schingaro, Angelo"]
[Result "1-0"]
[WhiteElo "2052"]
[BlackElo "1702"]
[PlyCount "51"]
[EventDate "2009.05.08"]

1. e4 c5 2. Nc3 Nc6 3. g3 g6 4. Bg2 Bg7 5. Nge2 e6 6. O-O Nge7 7. d3 O-O 8. Be3
d6 9. Qd2 a6 10. Bh6 Rb8 11. Bxg7 Kxg7 12. f4 b5 13. Nd1 Bb7 14. Ne3 Qd7 15. f5
f6 16. fxe6 Qxe6 17. Nf4 Qf7 18. Bh3 Bc8 19. Bxc8 Rfxc8 20. Nfd5 Nxd5 21. Nxd5
Ne7 22. Nxf6 Qe6 23. Qc3 b4 24. Nh5+ Kh6 25. Qg7+ Kxh5 26. Qxh7+ 1-0

[Event "V Festival A"]
[Site "Vanzaghello ITA"]
[Date "2009.05.10"]
[Round "5"]
[White "Raselli, Claudio"]
[Black "Testa, Loris"]
[Result "1-0"]
[WhiteElo "1970"]
[BlackElo "1792"]
[PlyCount "45"]
[EventDate "2009.05.08"]

1. d4 Nf6 2. Bg5 d5 3. Bxf6 gxf6 4. e3 Bf5 5. c4 Rg8 6. Qb3 e6 7. Nc3 dxc4 8.
Qxc4 c6 9. Qb3 Qc7 10. Nf3 Nd7 11. Nh4 Rg5 12. Nxf5 Rxf5 13. g3 e5 14. Bg2 exd4
15. exd4 O-O-O 16. O-O Bd6 17. Qxf7 h5 18. Qe6 Rg5 19. Ne4 Rd5 20. Nxf6 Rxd4
21. Rfd1 Be5 22. Rxd4 Bxd4 23. Nxd7 1-0

[Event "V Festival A"]
[Site "Vanzaghello ITA"]
[Date "2009.05.10"]
[Round "5"]
[White "Rossi, Giampiero"]
[Black "Faraoni, Enrico"]
[Result "0-1"]
[WhiteElo "1915"]
[BlackElo "2085"]
[PlyCount "68"]
[EventDate "2009.05.08"]

1. d4 h6 2. c4 g5 3. Nc3 Bg7 4. e3 d6 5. Bd3 Nc6 6. Nge2 e5 7. d5 Nce7 8. e4 f5
9. f3 Nf6 10. O-O f4 11. b3 h5 12. Ba3 Ng6 13. c5 g4 14. cxd6 cxd6 15. Nb5 Bf8
16. Qc2 gxf3 17. gxf3 Bh3 18. Nc7+ Kf7 19. Nxa8 Nxd5 20. exd5 Qg5+ 21. Ng3 Nh4
22. Nc7 fxg3 23. Bc1 Qf6 24. Ne6 Rg8 25. Bg5 Rxg5 26. Nxg5+ Qxg5 27. f4 exf4
28. Be4 Be7 29. Rae1 Bd8 30. hxg3 Qxg3+ 31. Kh1 Bxf1 32. Rxf1 Qh3+ 33. Kg1 Bb6+
34. Rf2 Qg3+ 0-1